[Event "San Fernando op 24th"]
[Site "San Fernando"]
[Date "2011.07.16"]
[Round "1"]
[White "Montero Melendez, Rafael"]
[Black "Gonzalez Blazquez, Jose Manuel"]
[Result "1-0"]
[WhiteElo "2278"]
[BlackElo "1798"]
[PlyCount "77"]
[EventDate "2011.07.16"]
[EventType "swiss"]
[EventRounds "7"]
[EventCountry "ESP"]
[SourceTitle "CBM 143 Extra"]
[Source "ChessBase"]
[SourceDate "2011.08.29"]
[SourceVersion "1"]
[SourceVersionDate "2011.08.29"]
[SourceQuality "1"]

1. c4 Nf6 2. Nc3 d5 3. cxd5 Nxd5 4. g3 g6 5. Bg2 c6 6. Nf3 Bg7 7. 0-0 0-0 8. Re1 e5 9. Qc2 Be6 10. d3 h6 11. a3 Nd7 12. Na4 Rc8 13. e4 N5b6 14. b4 Nxa4 15. Qxa4 Nb6 16. Qxa7 Qc7 17. Be3 Nd7 18. Qa4 b5 19. Qc2 Nb6 20. Nd2 Na4 21. Nb3 Bxb3 22. Qxb3 Kh7 23. Rac1 Rcd8 24. Red1 Rd6 25. d4 exd4 26. Bf4 Rfd8 27. Bxd6 Rxd6 28. f4 Nc3 29. e5 Rd7 30. Rxc3 dxc3 31. Rxd7 Qxd7 32. Qxc3 c5 33. bxc5 Bf8 34. c6 Qa7+ 35. Kh1 Bxa3 36. c7 Bb4 37. c8Q Bxc3 38. Qxc3 b4 39. Qb2 1-0